MDQL
is popping MORE tags! Check the
thread
!
Quizzes
Events
Quiz Creation
Community
Videos
Private Events
Remove Ads
Sign In
Join for FREE
Feedback
Dark Mode
Quiz Categories
Sports
Geography
Music
Movies
Television
Just For Fun
Miscellaneous
History
Literature
Language
Science
Gaming
Entertainment
Religion
Holiday
For Kids
Quiz Lab
Recent
Popular Today
Quiz Kudos Today
Editor Picks
Curator Picks
Quizzes by...
Day
Popularity
Type
Ratings
Length
Year
Community
Subscriptions
Recent Discussions
Orange Saloon
Badges
Playlists
Quests
Create
Leaderboards
Showdown
Live 5
Trivia Bingo
Activity
Puzzle Library
Sporcle Events
Private Events
Virtual Trivia
Globe League
Become a Host
Pub Owners
SporcleCon
Opinionation
Our Games
Videos
Blog
Mobile Apps
Partnerships
Remove Ads and Go Orange
Feedback
Entertainment
Celebrity
Famous
Musical
Broadway
Show
Quote
Comic Books
Anime
Superhero
DC Comics
Marvel
Cartoons
Animation
Entertainment
Celebrity
Famous
Musical
Broadway
Show
Quote
Comic Books
Anime
Superhero
DC Comics
Marvel
Cartoons
Animation
Random Quiz
Search Sporcle
×
Quiz Lab
Quiz Lab
Entertainment
Show
Type in answers that appear in a list
Type in answers that appear in a list
Classic
Best Score? Go Orange.
Famous 'Big 4's Stats
Can you name the members of the famous groups that have been called or form a 'Big 4'?
By
21_Guns
6m
40 Questions
580 Plays
580 Plays
580 Plays
Comments
Comments
Give Quiz Kudos
Give Quiz Kudos
-
- Ratings
hide this ad
Replay
Link that replays current quiz
Next Quiz
Link to next quiz in quiz playlist
You Got
0%
They Got
Avg Score
48%
Avg Friend Score
Upgrade to see
Score Distribution
Jump to the score distribution portion of the page
Score
0/40
Timer
06:00
0
Plays Today
Group
Members
% Correct
American Sports
National Football League
92.6%
American Sports
Major League Baseball
92.2%
American Sports
National Basketball Association
92.2%
Allied Powers in World War II
United States
87.5%
Allied Powers in World War II
United Kingdom
87.4%
American Sports
National Hockey League
87.2%
Allied Powers in World War II
France
82%
American animated comedy shows
The Simpsons
79.6%
American animated comedy shows
Family Guy
78.5%
Allied Powers in World War II
Soviet Union
76.5%
American banks
Bank of America
73.2%
English Premier League teams
Manchester United
68.3%
Houses of Hogwarts in the 'Harry Potter' series
Slytherin
61.6%
Houses of Hogwarts in the 'Harry Potter' series
Hufflepuff
61.1%
Houses of Hogwarts in the 'Harry Potter' series
Gryffindor
56.9%
American animated comedy shows
South Park
55.9%
Houses of Hogwarts in the 'Harry Potter' series
Ravenclaw
55.9%
English Premier League teams
Chelsea
54%
English Premier League teams
Liverpool
48.6%
English Premier League teams
Arsenal
48.4%
Group
Members
% Correct
Allied leaders of World War I
Woodrow Wilson
42.7%
American banks
JPMorgan Chase
41.9%
American animated comedy shows
Futurama
37.9%
Thrash-
style heavy metal
Metallica
36.2%
American banks
Citigroup
33.2%
American 'Robber Barons' of the industrial age
John D. Rockefeller
32.2%
American banks
Wells Fargo
31.3%
American 'Robber Barons' of the industrial age
Andrew Carnegie
31.1%
American 'Robber Barons' of the industrial age
J. Pierpont Morgan
24.6%
Music Industry
Sony Music Entertainment
23.2%
Thrash-
style heavy metal
Megadeth
22.3%
Thrash-
style heavy metal
Slayer
22.1%
Thrash-
style heavy metal
Anthrax
19.7%
Allied leaders of World War I
David Lloyd George
18.9%
American 'Robber Barons' of the industrial age
Cornelius Vanderbilt
17%
Music Industry
EMI
14.5%
Music Industry
Warner Music Group
13.3%
Allied leaders of World War I
Georges Clemenceau
12.1%
Music Industry
Universal Music Group
10.2%
Allied leaders of World War I
Vittorio Orlando
6.6%
Quiz Playlist
Details
Report
Send in Message
Add To Playlist
Classic:
Type in answers that appear in a list
Last Updated: Feb 16, 2017
Quiz Scoreboard
CHALLENGE
Sign Up to Join the Scoreboard
Show All
Scores
Hide
Comments
May contain spoilers
Recently Published
Two Season TV Shows II
by 123Four
Television
10m
Image Sorting: Flags VI
by Barbecue
Geography
2m
Find the 'City' Movie
by crazypaving
Movies
60s
More to Explore
Quiz From the Vault
Featured Blog Post
14 Easter Pick-up Lines to Find Eggs With
hide this ad
You Might Also Like...
Tags
Book Quiz
Show Quiz
economics
finance
four
foursome
Government
Music Industry
Sports Acquisitions
Today's Top Quizzes in Entertainment
Browse Entertainment
hide this ad
Today's Top Quizzes in Show
Browse Show
Top Contributed Quizzes in Entertainment
1
Marvel Classic Character Map
2
Dragon Ball Z: Goku's Fights in Order
3
Movie-Themed Roller Coasters
4
Marvel Characters Bunker
5
Who stole Onew's chicken? (KPOP LOGIC QUIZ)
6
Sorting Pictures: Villains
7
JoJo's Bizarre Logic Quiz
8
Harry Styles-Are you no.1 fan
9
Celebrity Spelling Bee
10
This is Your Life: Edward Elric
Explore More
Trending Topics
Harry Potter
Marvel
NBA
Anime
Crossword
Disney
Kpop
Country
Song
Soccer
Puzzle
The Office
Pokémon
NFL
WWE
hide this ad
More By:
21_Guns
Quiz
Plays
Rating
Category
Featured
Created
Game of Thrones House Profiles
87,953
4.64
Literature
Oct 1, 2012
Assassin's Creed Games
42,201
4.32
Gaming
Sep 6, 2011
Formula 1: Living or Dead?
2,234
3.67
Sports
Jan 22, 2019
Members of the 'Game of Thrones' Houses
2,130
4.13
Literature
Oct 21, 2012
US Cities On a Map From Space
2,074
4.67
Geography
Oct 21, 2013
Go to Creator's Profile
Score Distribution
Quiz Creator Spotlight
21_Guns
Follow
Send a Message
Quizzes Created
-
Created Quiz Play Count
-
More By This Creator
Popular Quizzes Today
1
Find the US States - No Outlines Minefield
2
Colored Red Africa Blitz
3
Find the 'City' Movie
4
5x2 Blitz: Bands
5
The Countries of the World
6
Find the Countries of Europe - No Outlines Minefield
7
Find the US States
8
US States
More Entertainment Quizzes
'H' Funko Pop! Characters
Curator's Pick
Trending Quizzes
Colored Red Europe Blitz I
Colored Red Africa Blitz II
Colored Red Europe Blitz II
Colored Red Africa Blitz III
Colored Red Europe Blitz III
Recently Updated
How Do You Spell That?
pecheneg
Godzilla Movies
pecheneg
Grab Bag: 4-10 Letters
pecheneg
2024 March Madness Bracket
pecheneg
Famous TV Couples
Peacemaker
Champions League XIs: Real Madrid
pecheneg
Largest US Cities 1790-2010
pecheneg
Rides in Walt Disney World
pecheneg
Most Oscar Losses (Acting)
pecheneg
Beyoncé Albums
pecheneg
Trending Topics
Crossword
Harry Potter
Kpop
Disney
Anime
Marvel
NBA
Puzzle
Soccer
The Office
Country
Pokémon
Song
WWE
NFL
Your Account Isn't Verified!
In order to create a playlist on Sporcle, you need to verify the email address you used during registration. Go to your
Sporcle Settings
to finish the process.
Report this User
Report this user for behavior that violates our
Community Guidelines
.
Details:
Send Report
Go to the Sporcle.com Mobile Site →
Comments